| 000 | 02712nam a2200577Ii 4500 | ||
|---|---|---|---|
| 001 | DIGXIAGT048 | ||
| 003 | NyNyDIG | ||
| 008 | 140901s2014 sp o 000 1 spa d | ||
| 006 | m o d | ||
| 007 | cr ||||||||||| | ||
| 020 |
_a9788415472377 _q(eBook ; _qePub) |
||
| 020 |
_a8415472374 _q(eBook ; _qePub) |
||
| 020 |
_z9788481098242 _q(hard cover : _qGalaxia Gutenberg) |
||
| 020 |
_z8481098248 _q(hard cover : _qGalaxia Gutenberg) |
||
| 020 |
_z9788467236095 _q(hard cover : _qCírculo de Lectores) |
||
| 020 |
_z8467236094 _q(hard cover : _qCírculo de Lectores) |
||
| 035 | _a(OCoLC)956263352 | ||
| 040 |
_aDGITA _beng _erda _epn _cDGITA |
||
| 041 | 1 |
_aspa _hrus |
|
| 043 | _ae-ur--- | ||
| 050 | 1 | 4 | _aD811 eBook |
| 066 | _c(N | ||
| 100 | 1 |
_6880-01 _aGrossman, Vasiliï Semenovich, _d1905-1964, _eauthor. |
|
| 240 | 1 | 0 |
_6880-02 _aGody voïny. _lSpanish |
| 245 | 1 | 0 |
_aAños de guerra : _b(1941-1945) / _cVasili Grossman. |
| 250 | _aEdición en formato digital. | ||
| 264 | 1 |
_aBarcelona : _bGalaxia Gutenberg : _bCírculo de Lectores, _c2014. |
|
| 300 | _a1 online resource (484 pages). | ||
| 336 |
_atext _btxt _2rdacontent |
||
| 337 |
_acomputer _bc _2rdamedia |
||
| 338 |
_aonline resource _bcr _2rdacarrier |
||
| 490 | 1 |
_aSerie Narrativa ; _v76 |
|
| 500 | _a"La edición original de esta obra en lengua española fue publicada por Ediciones en Lenguas Extranjeras en Moscú en 1946. El presente volumen recupera íntegramente esa traducción revisada y corregida". | ||
| 500 |
_6880-03 _aTranslated from the Russian: Gody voĭny. Moskva : Ogiz, Gos. izd-vo khudozh. lit-ry, 1945. |
||
| 588 | 0 | _aOnline resource; title from ePub and PDF title page (Digitalia, viewed August 10, 2014) | |
| 650 | 0 |
_aWorld War, 1939-1945 _zSoviet Union. |
|
| 650 | 0 |
_aWorld War, 1939-1945 _vFiction. |
|
| 650 | 0 |
_aWorld War, 1939-1945 _vPersonal narratives, Russian. |
|
| 655 | 0 | _aElectronic books. | |
| 700 | 1 |
_iTranslation of: _aGrossman, Vasiliĭ. _tGody voïny. |
|
| 791 | 2 |
_aDigitalia (Firm), _edistributor. |
|
| 793 | 0 |
_gDigitalia eBook Collection: _aGalaxia Gutenberg. |
|
| 776 | 0 | 8 |
_iPrint version: _aGrossman, Vasiliĭ. _sGody voïny. Spanish. _tAños de guerra. _dBarcelona : Galaxia Gutenberg : Círculo de Lectores, 2009 _z9788467236095 |
| 830 | 0 |
_aSerie Narrativa (Galaxia Gutenberg (Firm)) ; _v76 |
|
| 856 | 4 | 0 |
_3Digitalia Hispánica _uhttps://www.digitaliapublishing.com/a/28836/ |
| 880 | 1 |
_6100-01/(N _aГроссман, Василий Семенович. |
|
| 880 | 1 | 0 |
_6240-02/(N _aГоды войны |
| 880 |
_6500-03/(N _aпереводе с русского языка: Годы войны. Москва : ОГИЗ, 1945. |
||
| 910 | _aPremium Collection: 2014 | ||
| 942 | _cRAA | ||
| 999 |
_c239389 _d239389 |
||